The ethics of social roles /

Bibliographic Details
Other Authors: Barber, Alex (College teacher) (Editor), Cordell, Sean (Editor)
Format: Book
Language:English
Published: Oxford ; New York : Oxford University Press, 2023.
Edition:First edition.
Series:Engaging philosophy.
Subjects:

MARC

Tag First Indicator Second Indicator Subfields
LEADER 00000cam a2200000 i 4500
001 in00004742413
003 OCoLC
005 20230922135405.8
008 221012s2023 enk b 001 0 eng
010 |a  2022947950 
040 |a DLC  |e rda  |c DLC 
020 |a 9780192843562  |q (hardcover) 
020 |a 0192843567 
035 |a (OCoLC)1348865674 
050 0 0 |a HM665  |b .E843 2023 
082 0 0 |a 303.3/72  |2 23/eng/20230807 
245 0 4 |a The ethics of social roles /  |c edited by Alex Barber and Sean Cordell. 
250 |a First edition. 
264 1 |a Oxford ;  |a New York :  |b Oxford University Press,  |c 2023. 
300 |a xix, 324 pages ;  |c 24 cm. 
336 |a text  |2 rdacontent 
337 |a unmediated  |2 rdamedia 
338 |a volume  |2 rdacarrier 
490 1 |a Engaging philosophy 
504 |a Includes bibliographical references and index. 
650 0 |a Social ethics. 
650 0 |a Social role  |x Moral and ethical aspects. 
700 1 |a Barber, Alex  |c (College teacher),  |e editor. 
700 1 |a Cordell, Sean,  |e editor. 
830 0 |a Engaging philosophy. 
945 |b 808263 
947 |a A14852471284 
948 |a dmitchel 9/22/23 8.50.40 
980 |b print  |c 40031903836  |f NONFIC/B  |g 565714  |k USD  |m 76.00  |q 1  |s AcqMono Conventional  |t Approval plan  |u Vendor order reference number  |v ZYBP  |y Print approval  |z Physical resource 
999 f f |i 3536bd61-368d-46ae-a955-d7cd5a5256a0  |s a26ed2da-9df6-4f00-b4ef-bfdedc2b01a9  |t 0 
952 f f |p normal  |a Texas A&M University  |b College Station  |c Sterling C. Evans Library  |d Evans: Library Stacks  |t 0  |e HM665 .E843 2023  |h Library of Congress classification  |i unmediated -- volume  |m A14852471284 
998 f f |a HM665 .E843 2023  |t 0  |l Evans: Library Stacks